000 01279nam0a22002771 4500
001 rc\169306
005 20030307113102.8
035 _a(NLR Aleph) 005432340
090 _a7590687
_c7590687
100 _a20030307d1994 u |0rusy50 ca
101 0 _arus
102 _aRU
105 _aa |||||||||
200 1 _aМордва Заволжья
_f[И.М. Петербургский, Г.А. Корнишина, В.И. Козлов и др.
_gРедкол.: В.И. Козлов (отв. ред.) и др.]
_gНИИ яз., лит., истории и экономики при Совете Министров - Правительстве Респ. Мордовия
210 _aСаранск
_cМордов. кн. изд-во
_d1994
215 _a182, [2] с., [8] л. ил.
_cил.
_d21
300 _aАвт. указаны в огл.
320 _aБиблиогр. в конце глав
701 1 _aПетербургский
_bИ. М.
702 1 _aКозлов
_bВ. И.
_gВиктор Иванович
_4340
712 0 2 _aМордовский НИИ языка, литературы, истории и экономики
_cСаранск
_3RU\NLR\AUTH\889929046
801 0 _aRU
_bNLR
_gpsbo
801 1 _aRU
_bELAR
_2rusmarc
852 _aNLR
_j95-3/3018
942 _cBOOK
980 _aNB